000 00408nam a2200169Ia 4500
001 21645
003 IN-NITTTR
005 20251114233246.0
008 251113s9999||||xx |||||||||||||| ||eng||
040 _beng
040 _cIN-NITTTR
041 _aeng
082 _a004 S86C
100 _aShrivastav, Gopi Nath
245 0 _aComputer :
_b Itihas aur karyavidhi. /
_cShrivastav, Gopi Nath
942 _2ddc
_cBK
999 _c24275
_d24275